000 00582nam a22002177a 4500
003 UA-OsUOA
001 114715
007 ta
008 20151123b un ||||| |||| 00| 0 ukr d
100 _aВасилишкл В.
090 _a82
_bВ19
942 _cSA
040 _aUA-OsUOA
_bukr
_cUA-OsUOA
_dUA-OsUOA
245 _aНевтомний у вшануванні Михайла Коцюбинського
300 _aС.8-9
955 _a0
041 _aukr
080 _a82
773 0 _w114714
650 7 _a82 Література. Літературознавство
_2UDC
999 _c400864
_d400864